| 000 | 00714nam a2200253Ia 4500 | ||
|---|---|---|---|
| 003 | OSt | ||
| 005 | 20220918200342.0 | ||
| 006 | a|||||r|||| 00| 0 | ||
| 007 | ta | ||
| 008 | 220917b |||||||| |||| 00| 0 eng d | ||
| 024 | _a88,432 | ||
| 037 | _cTextual | ||
| 040 |
_aARTS _cARTS _beng |
||
| 041 |
_2eng _aeng |
||
| 082 | _aT6.73, J5.1--.3 | ||
| 100 |
_aFrampton Merle E. Ed _993719 |
||
| 245 | 0 | _aSpecial education for the exceptional | |
| 260 |
_aNa _bNa _c1955 |
||
| 300 |
_aV 3 _ccm. |
||
| 650 |
_aEXCEPTIONAL CHILDREN - EDUCATION _993720 |
||
| 700 |
_a Gall Elena D. _993721 |
||
| 942 |
_hT6.73, J5.1--.3 _cTEXL _2CC |
||
| 999 |
_c212120 _d212120 |
||